| 000 | 00571nam a2200169 4500 | ||
|---|---|---|---|
| 001 | 138197 | ||
| 003 | ES-MaACL | ||
| 005 | 20230906195525.0 | ||
| 007 | t| | ||
| 008 | 070214s1910 sp r ||||1| spa d | ||
| 100 | 1 |
_aSánchez de los Santos, Modesto. _9102588 |
|
| 245 | 1 | 4 |
_aLas Cortes Españolas _b: las de 1910 / _cpor Modesto Sánchez de los Santos y Simón de la Redondela. |
| 260 |
_aMadrid : _b[s. n.], _c1910 ( _fTip. de A. Marzo) |
||
| 300 |
_a936 p. ; _c30 cm + _e7 estados, 1 map. |
||
| 700 | 1 |
_aRedondela, Simón de la. _995806 |
|
| 852 |
_aES-MaACL _jB-11469 |
||
| 999 |
_c138197 _d138197 |
||